Interkultúrna komunikácia - pri výučbe cudzích jazykov

Interkultúrna komunikácia a jej miesto pri vyučovaní cudzích jazykov. Oboznamovanie sa s históriou, zvykmi, tradíciami a mentalitou národa jazyka v rámci vyučovania cudzieho jazyka. Analýza mentality a prejavy príslušníkov danej kultúry, oblasť osobných a spoločenských stykov, historickú oblasť. Por...

Descrizione completa

Salvato in:
Dettagli Bibliografici
Autore principale: Melušová, Elena, 1953-
Natura: Capitolo di libro
Lingua:slovacco
Soggetti:
Tags: Aggiungi Tag
Nessun Tag, puoi essere il primo ad aggiungerne!!

MARC

LEADER 00000naa$a2200000$$$4500
001 0060496
005 20240502083143.4
041 0 |a slo 
044 |a CZ 
245 1 0 |a Interkultúrna komunikácia - pri výučbe cudzích jazykov  |c Elena Melušová 
520 |a Interkultúrna komunikácia a jej miesto pri vyučovaní cudzích jazykov. Oboznamovanie sa s históriou, zvykmi, tradíciami a mentalitou národa jazyka v rámci vyučovania cudzieho jazyka. Analýza mentality a prejavy príslušníkov danej kultúry, oblasť osobných a spoločenských stykov, historickú oblasť. Porovnanie konkrétnych prípadov vnímania času a priestoru, ktoré majú svoju signifikatívnu funkciu. 
610 2 0 |a jazyky cudzie 
610 2 0 |a komunikácia 
610 2 0 |a kultúra 
610 2 0 |a vyučovanie 
100 1 |a Melušová, Elena, 1953-